000 00444nam a22001457a 4500
008 240408b |||||||| |||| 00| 0 eng d
020 _a0521231663.
050 _aHC255
100 _aFloud. Roderick
_943594
245 _aThe economic history of Britain since 1700
260 _aNew York:
_bCambridge Universty Press,
_c1981.
300 _axv;
_b323p,
_c23cm.
650 _aGreat Britain;
_veconomic conditions.
_952626
942 _2lcc
_cMONOGRAPH
999 _c131857
_d131857